000
00353nam a2200157Ia 4500
001
24558
008
140411s9999 xx 000 0 und d
020
_a
0-00-512622-3
040
_c
PK-LaUMT
082
_a
220
_b
GOO-
245
_a
Good news Bible
260
_a
New York,USA:
_b
Collins Bible,
_c
1976
300
_a
363 p.
546
_a
EN
942
_c
BK
999
_c
24752
_d
24752